000
00204nam a2200085Ia 4500
008
120527s9999 xx 000 0 und d
100
_a
Halverson, H.W
245
_a
Consice Readings in philosphy
942
_c
BK
999
_c
27386
_d
27386